Né à Marseille - Statistiques

Statistiques générales
  • Ce quiz a été pris 383 fois
    37 depuis la dernière actualisation
  • Le résultat moyen est 8 sur 19
Statistiques - réponses
Réponse % Correct
Rappeur, "Tchikita" "Ma Jolie" 1990 Jul
94%
Ancien footballeur international et Ballon d'Or vainqueur (Real Madrid, Juventus et Girondins Bordeaux) et il remporte trois fois la Ligue des Champions lors son temps comme entraîneur du Real Madrid 1972 Zinédine Zidane
91%
Ancien footballeur international (Manchester United et Olympique de Marseille) et acteur 1966 Éric Cantona
79%
Rappeur, "Les menottes" "Va Bene" 1981 L'Algérino
65%
Ancien footballeur international (Manchester City, Arsenal et Olympique de Marseille) 1987 Samir Nasri
65%
Entraîneur football qui a entraîné le PSG, Nice, Lille et Saint-Étienne 1966 Christophe Galtier
62%
Acteur et humoriste, "Don Camillo" 1903 Fernandel
62%
Rappeur, "Le coach" "Mon précieux" 1979 Soprano
62%
Footballeur international, Aston Villa 1999 Boubacar Kamara
59%
Écrivain, "Cyrano de Bergerac" "L'Aiglon" 1868 Edmond Rostand
50%
Footballeur international, Paris Saint Germain 1996 Lucas Hernandez
47%
Footballeur international, AC Milan 1997 Théo Hernandez
47%
Ancienne footballeuse internationale (Olympique lyonnais) 1987 Louisa Necib
15%
Peintre et caricaturiste, "Ratapoil" "Le Wagon de troisième classe" 1808 Honoré Daumier
9%
Joueur international français de handball (FC Barcelone) 1997 Melvyn Richardson
6%
Dessinateur de bande dessinée, "Bob Marone" "Astérix" avec Jean-Yves Ferri 1961 Dider Conrad
3%
Entraîneur football qui est le sélectionneur de l'équipe de France féminine depus 2024 1969 Laurent Bonadei
3%
Kayakiste et céiste australienne, elle devient une médaillée d'or des Jeux olympiques 1994 Jessica Fox
0%
Milliardaire et directeur général de Moderna 1972 Stéphane Bancel
0%
Aucun quiz correspondant
Distribution des résultats
% des personnes avec chaque résultat
Percentile par nombre de réponses
Votre historique - résultats
Vous n’avez pas pris ce quiz depuis la dernière actualisation